ASL Picture Click: Electronics Quiz Stats

 Plays Quiz not verified by Sporcle

Challenge
Share
Tweet
Score 0/12 Timer 05:00
0 Plays Today
% Correct
Telephone
81.3%
Laptop
80.8%
Wristwatch
78.4%
Television
75.5%
Earphones
73.6%
Remote Control
73.1%
Computer
70.2%
Battery
68.8%
Internet
65.4%
Flashlight
60.6%
Lamp
58.7%
Dryer
51.9%

You're not logged in!

Compare scores with friends on all Sporcle quizzes.
OR
Log In

You Might Also Like...

Show Comments

Extras

Top Quizzes Today


Score Distribution

Your Account Isn't Verified!

In order to create a playlist on Sporcle, you need to verify the email address you used during registration. Go to your Sporcle Settings to finish the process.

Report this User

Report this user for behavior that violates our Community Guidelines.

Details: